| 000 | 00831nam a2200253Ia 4500 | ||
|---|---|---|---|
| 003 | OSt | ||
| 005 | 20220918170855.0 | ||
| 006 | a|||||r|||| 00| 0 | ||
| 007 | ta | ||
| 008 | 220917b |||||||| |||| 00| 0 eng d | ||
| 020 |
_a9780754641100 (pbk) _cUKP 30.00 |
||
| 024 | _a330,047 | ||
| 037 |
_bBBS/97, 25/01/2018, Better Book Services _cTextual |
||
| 040 |
_aARTS _cARTS _beng |
||
| 041 |
_2eng _aeng |
||
| 082 | _aR44L, P4 | ||
| 100 |
_aTaylor James Stacey Au. _931884 |
||
| 245 | 0 |
_aStacks and kidneys _b why markets in human body parts are morally imperative |
|
| 260 |
_aHampshire _bAshgate UK _c2005 |
||
| 300 |
_ax,226p. _ccm. |
||
| 650 |
_aMEDICAL ETHICS; MEDICINE _931885 |
||
| 942 |
_hR44L, P4 _cTEXL _2CC |
||
| 999 |
_c136382 _d136382 |
||